Das armenwesen und die armengesetzgebung in Europèaischen staaten / (Record no. 98686)

MARC details
000 -LEADER
campo de control de longitud fija 00543nam a22001695i 4500
001 - NÚMERO DE CONTROL
campo de control 98686
003 - IDENTIFICADOR DE NÚMERO DE CONTROL
campo de control ES-MaACL
005 - FECHA Y HORA DE LA ÚLTIMA TRANSACCIÓN
campo de control 20230906182340.0
007 - CAMPO FIJO DE DESCRIPCIÓN FÍSICA--INFORMACIÓN GENERAL
campo de control de longitud fija t|
008 - DATOS DE LONGITUD FIJA--INFORMACIÓN GENERAL
campo de control de longitud fija 950921s1870 gw ||||1| ger d
245 04 - MENCIÓN DEL TÍTULO
Título Das armenwesen und die armengesetzgebung in Europèaischen staaten /
Mención de responsabilidad, etc. unter mitwirkung A. Bammel... [et al.]; herausgegeben von A. Emminghaus.
260 ## - PUBLICACIÓN, DISTRIBUCIÓN, ETC.
Lugar de publicación, distribución, etc. Berlin :
Nombre del editor, distribuidor, etc. F.A. Herbig,
Fecha de publicación, distribución, etc. 1870.
300 ## - DESCRIPCIÓN FÍSICA
Extensión VIII, 727 p. ;
Dimensiones 23 cm.
700 1# - ENTRADA AGREGADA--NOMBRE PERSONAL
Nombre de persona Bammel, A.
9 (RLIN) 25151
700 1# - ENTRADA AGREGADA--NOMBRE PERSONAL
Nombre de persona Emminghaus, A.
9 (RLIN) 47159
852 ## - LOCALIZACIÓN
Ubicación ES-MaACL
Número de control de estantería G-2915
Holdings
Estatus retirado Estado de pérdida Estado de daño No para préstamo Colección Biblioteca de origen Biblioteca actual Ubicación en estantería Fecha de adquisición Fuente de adquisición Total de préstamos Signatura topográfica completa Código de barras Visto por última vez Precio de reemplazo Tipo de ítem Koha
        Libros del s. XIX Biblioteca del Ateneo de Madrid Biblioteca del Ateneo de Madrid Depósito 2 17/01/2008     G-2915 1103025 23/02/2023 23/02/2023 Libro impreso antiguo